| 000 | 00324nam a2200121Ia 4500 | ||
|---|---|---|---|
| 008 | 220217s9999||||xx |||||||||||||| ||und|| | ||
| 082 | _a410 CSR | ||
| 100 | _aCSR | ||
| 245 | 0 | _aTest of reasoning (Verbal & Non verbal) | |
| 260 |
_aCSR Publication _bNew Delhi _c2008 |
||
| 300 | _b60 | ||
| 650 | _aEXAM BOOKS/GRE/CAT/GATE | ||
| 999 |
_c175726 _d175726 |
||